عرض عادي
عرض مارك
- مكي، سلام،
دخول Personal Name
001 - CONTROL NUMBER
- control field: 28939
003 - CONTROL NUMBER IDENTIFIER
- control field: AE-AdECS
005 - DATE AND TIME OF LATEST TRANSACTION
- control field: 20260422084250.0
008 - FIXED-LENGTH DATA ELEMENTS
- fixed length control field: 260422|| aca||aabn | a|a d
040 ## - CATALOGING SOURCE
- Original cataloging agency: AE-AdECS
- Transcribing agency: AE-AdECS
100 ## - HEADING--PERSONAL NAME
- Personal name: مكي، سلام،
670 ## - SOURCE DATA FOUND
- Source citation: Work cat.: (AE-AdECS)294842: مكي، سلام، مؤلف., العراق السياسي :
